The evolution of culture - The development of civilization to the fall of Rome

Gardado en:
Detalles Bibliográficos
Autor Principal: Leshie A White
Formato: Libro
Idioma:Undetermined
Publicado: New York McGraw-Hill 1959
Những chủ đề:
Các nhãn: Engadir etiqueta
Sen Etiquetas, Sexa o primeiro en etiquetar este rexistro!
Thư viện lưu trữ: Trung tâm Học liệu Trường Đại học Cần Thơ
LEADER 00565nam a2200181Ia 4500
001 CTU_20685
008 210402s9999 xx 000 0 und d
082 |a 306 
082 |b W585 
100 |a Leshie A White 
245 4 |a The evolution of culture - The development of civilization to the fall of Rome 
245 0 |c Leshie A White 
260 |a New York 
260 |b McGraw-Hill 
260 |c 1959 
650 |a civilization,culture,ethnology,social evolution,social sciences 
904 |i Minh, 971225 
980 |a Trung tâm Học liệu Trường Đại học Cần Thơ